000 01128nam a22002297a 4500
005 20250804101218.0
006 a|||||r|||||||||||
008 250804b |||||||| |||| 00| 0 eng d
020 _a0201539926
040 _aGR-AtMCL
_dGR-AtMCL
_bgre
_eAACR2
100 1 _aStroustrup, Bjarne
_94453
245 1 4 _aThe C++ programming language /
_cBjarne Stroustrup.
250 _a2nd ed.
260 _aReading, Mass. :
_bAddison-Wesley,
_cc1991.
300 _axi, 669 p. ;
_c24 cm.
504 _aIncludes bibliographical references (p. 11-12) and index.
520 _aWritten by the designer of C++, Bjarne Stroustrup, The C++ Programming Language is the definitive guide to the language, its fundamental principles, and the key techniques for mastering it. The C++ Programming Language provides coverage of all C++ features, including exception handling, templates (parameterized types), and the latest ANSI/ISO extensions. The C++ Programming Language is the cornerstone of every programmer's library.
650 0 _aC++ (Computer program language)
_99913
650 0 _aComputing
_99851
942 _cBK
999 _c9853
_d9853